| 000 | 00905cab a2200277 4500 | ||
|---|---|---|---|
| 001 | ABS48909 | ||
| 008 | 090401t1993 xxu||||| |||| 00| 0 eng d | ||
| 035 | _a(Sirsi) u69102 | ||
| 041 | _aeng | ||
| 100 | _aMurtaza, M.B. | ||
| 245 | _aIntelligent cost/schedule estimation for modular construction | ||
| 260 | _c1993 | ||
| 350 | _a0 | ||
| 490 |
_aCost Engineering _v35(6) June 1993, 19-25(7) |
||
| 520 | _aDescribes an approach to cost estimation for modular, or remote-assembly, construction, using a computer model designed to evaluate the impact on total costs of each variable component. | ||
| 650 | _aCOST ESTIMATION | ||
| 650 | _aESTIMATING | ||
| 650 | _aEXPERT SYSTEMS | ||
| 650 | _aPREFABRICATION | ||
| 690 | _aBUILT ENVIRONMENT-BUILDING COSTS | ||
| 690 |
_aQuantity surveying _96263 |
||
| 700 | _aFisher, D.J. | ||
| 700 | _aMusgrove, J.G. | ||
| 942 | _n0 | ||
| 948 | _c04/03/1997 | ||
| 999 |
_c43406 _d43406 |
||